[Event "Summer Coming to an End"]
[Site "http://www.queenalice.com/game.php?id=1843432"]
[Date "2024.9.9"]
[Round "-"]
[White "johnrbrown"]
[Black "FLeicher"]
[Result "0-1"]
[WhiteElo "2097"]
[BlackElo "2123"]

1. d4 d5 2. e4 dxe4 3. Nc3 Nf6 4. f3 exf3 5. Nxf3 e6 6. Bg5 Be7 7. Qd2 h6 8. Bf4
c6 9. O-O-O Bb4 10. Qd3 Qa5 11. Kb1 Bxc3 12. Qxc3 Qxc3 13. bxc3 Ne4 14. Re1
Nxc3+ 15. Kb2 Nd5 16. Bd2 O-O 17. g4 Nd7 18. h4 Re8 19. h5 f6 20. Bd3 Nf8 21.
Reg1 Nh7 22. Rh2 a5 23. g5 fxg5 24. Bxh7+ Kxh7 25. Nxg5+ Kg8 26. Ne4 Kh8 27. c4
Ne7 28. Rhg2 Nf5 29. Kc3 Re7 30. Nf2 b5 31. Ng4 b4+ 32. Kd3 Ba6 33. Ne5 Rc7 34.
Rg6 Rd8 35. Rxe6 Nxd4 36. Ng6+ Kg8 37. Re4 Nf3+ 0-1

[Event "Challenge"]
[Site "http://www.queenalice.com/game.php?id=1847051"]
[Date "2024.11.11"]
[Round "-"]
[White "FLeicher"]
[Black "stoyan1"]
[Result "1-0"]
[WhiteElo "2127"]
[BlackElo "2056"]

1. e4 e5 2. Nf3 d6 3. Bc4 Be6 4. Bb3 Qd7 5. d3 h6 6. Nc3 Nf6 7. Bd2 Nc6 8. h3
O-O-O 9. Ba4 Qe8 10. Qe2 Bd7 11. Nd5 Nxd5 12. exd5 Ne7 13. Bxd7+ Qxd7 14. c4 c6
15. dxc6 Nxc6 16. O-O g5 17. Bc3 f6 18. b4 a6 19. b5 Nb8 20. Ba5 Re8 21. Qc2 Nc6
22. bxc6 Qxc6 23. Rab1 Re7 24. Rfe1 h5 25. d4 g4 26. Nh2 gxh3 27. Qf5+ Kb8 28.
d5 Qe8 29. Qxh3 Bg7 30. Qa3 Rd7 31. Bd2 Bh6 32. Bxh6 Rxh6 33. Rb6 Ka7 34. Rxd6
Rg6 35. Rxd7 Qxd7 36. Kh1 Qf5 37. Qf3 Qg5 38. Qe3+ Kb8 39. Qxg5 Rxg5 40. g3 Kc7
41. Rc1 b6 42. Nf3 Rg7 43. Nh4 e4 44. Kg2 Re7 45. d6+ 1-0

[Event "Challenge"]
[Site "http://www.queenalice.com/game.php?id=1848717"]
[Date "2024.12.12"]
[Round "-"]
[White "FLeicher"]
[Black "suenteus_po_147"]
[Result "1-0"]
[WhiteElo "2167"]
[BlackElo "1977"]

1. e4 c5 2. Nf3 e6 3. c3 d5 4. e5 Nc6 5. d4 Bd7 6. Be3 Qb6 7. b3 Rc8 8. a3 Nh6
9. Bxh6 gxh6 10. Be2 cxd4 11. cxd4 Qa5+ 12. Nbd2 Ne7 13. b4 Qb6 14. O-O Nf5 15.
Nb1 Bg7 16. Ra2 O-O 17. g4 Ne7 18. Qd2 Bb5 19. Nc3 Bxe2 20. Nxe2 Rc4 21. Rc1
Rfc8 22. Rxc4 Rxc4 23. Qe3 f6 24. Nd2 Rc7 25. exf6 Bxf6 26. Nb3 Rc4 27. Nc5 Kf7
28. Nd7 Qc7 29. Nxf6 Kxf6 30. Qxh6+ Ng6 31. h4 Rc2 32. Rxc2 Qxc2 33. g5+ Kf5 34.
Qh5 Qd3 35. Ng3+ Kf4 36. Kg2 Qxa3 37. Ne2+ Kf5 38. f3 Nf4+ 39. Nxf4 Kxf4 40.
Qg4+ Ke3 41. Qxe6+ Kxd4 42. h5 Qb2+ 43. Kg3 Qb1 44. Qe2 1-0

[Event "Challenge"]
[Site "http://www.queenalice.com/game.php?id=1850219"]
[Date "2025.1.11"]
[Round "-"]
[White "PaulMSains"]
[Black "FLeicher"]
[Result "0-1"]
[WhiteElo "1988"]
[BlackElo "2137"]

1. e4 e5 2. Nf3 Nf6 3. Nc3 Nc6 4. Be2 Bb4 5. a3 Ba5 6. O-O a6 7. b4 Bb6 8. d3 h6
9. Bb2 d6 10. h3 Nh5 11. Nh2 Ng3 12. Re1 Nxe2+ 13. Qxe2 h5 14. Nd5 Ba7 15. Rad1
Be6 16. c4 Qd7 17. Qf3 O-O-O 18. b5 axb5 19. cxb5 Nd4 20. Bxd4 Bxd4 21. a4 Bxd5
22. exd5 f5 23. Rc1 Bb6 24. Qe2 Ba5 25. Red1 Qf7 26. Qa2 g5 27. d4 e4 28. Nf1 f4
29. Rc2 Kb8 30. Nd2 Bxd2 31. Rdxd2 Qe7 32. Re2 g4 33. Rc3 gxh3 34. Rxh3 Rde8 35.
f3 Qh7 36. fxe4 Rxe4 37. Qd2 Qe7 38. Kf2 h4 39. a5 Rg8 40. Rf3 Rxe2+ 41. Qxe2
Rxg2+ 0-1

[Event "Jan 2025 New Game"]
[Site "http://www.queenalice.com/game.php?id=1851068"]
[Date "2025.1.25"]
[Round "-"]
[White "johnrbrown"]
[Black "FLeicher"]
[Result "0-1"]
[WhiteElo "2094"]
[BlackElo "2147"]

1. d4 d5 2. e4 dxe4 3. Nc3 Nf6 4. f3 exf3 5. Nxf3 e6 6. Bg5 Be7 7. Bd3 b6 8. O-O
Bb7 9. Kh1 a6 10. Qd2 O-O 11. Rae1 Nbd7 12. Ne5 Nd5 13. Bxe7 Nxe7 14. Qf4 Nxe5
15. dxe5 Ng6 16. Qg3 Qe7 17. Ne4 Qh4 18. Qxh4 Nxh4 19. Rf2 Rad8 20. Kg1 Ng6 21.
Ng5 a5 22. Nf3 Bc6 23. a3 Nf4 24. Be4 Bxe4 25. Rxe4 Ng6 26. Kf1 Rd7 27. Ke1 Rfd8
28. Rd2 Rxd2 29. Nxd2 b5 30. Nf3 c5 31. b3 Ne7 32. Ke2 Nd5 33. Kf2 Nc3 34. Rf4
h6 35. h4 Rd1 36. b4 axb4 37. axb4 Nd5 38. Re4 Nxb4 39. c4 bxc4 40. Rxc4 Rd5 41.
Ke2 f6 42. exf6 gxf6 43. g4 Kg7 44. Rc3 Nc6 45. Ke3 Nd4 46. Nxd4 cxd4+ 0-1

[Event "Challenge"]
[Site "http://www.queenalice.com/game.php?id=1852851"]
[Date "2025.2.25"]
[Round "-"]
[White "FLeicher"]
[Black "attachui"]
[Result "0-1"]
[WhiteElo "2171"]
[BlackElo "2085"]

1. e4 c5 2. Nf3 d6 3. d4 cxd4 4. Nxd4 Nf6 5. Nc3 a6 6. Be3 e5 7. Nb3 Be6 8. Be2
Nbd7 9. f3 Be7 10. Qd2 Rc8 11. O-O b5 12. a3 Nb6 13. Bd3 d5 14. exd5 Nfxd5 15.
Nxd5 Nxd5 16. Kh1 f5 17. Rfe1 Nxe3 18. Qxe3 Bd6 19. Rad1 O-O 20. Qd2 Bb8 21. Qe2
Qh4 22. g3 Qh6 23. Qf2 e4 24. Bf1 f4 25. Re2 fxg3 26. Qg2 exf3 0-1

[Event "Bronx PS117 vs. PS79"]
[Site "http://www.queenalice.com/game.php?id=1853008"]
[Date "2025.2.27"]
[Round "-"]
[White "Soulpower74"]
[Black "FLeicher"]
[Result "1/2-1/2"]
[WhiteElo "2120"]
[BlackElo "2173"]

1. d4 d5 2. c4 e6 3. Nc3 Nf6 4. Bg5 Be7 5. Nf3 b6 6. e3 a6 7. Rc1 Bb7 8. cxd5
exd5 9. Bd3 Nbd7 10. O-O O-O 11. Qc2 g6 12. Rfe1 Rc8 13. Qe2 b5 14. a3 c5 15.
dxc5 Nxc5 16. Bb1 Ncd7 17. Red1 Nb6 18. Ba2 Re8 19. Nd4 Kg7 20. Qf3 Rc7 21. Bf4
Rd7 22. Nce2 Nh5 23. Nf5+ Kh8 24. Nxe7 Qxe7 25. Nd4 Nxf4 26. Qxf4 Kg7 27. h3 Qe4
28. Qxe4 dxe4 29. Rc5 Rc8 30. Rdc1 Rxc5 31. Rxc5 Na4 32. Rc2 Kf6 33. b3 Nb6 34.
Rc5 Rd6 35. g4 h6 36. Bb1 Nd7 37. Rc7 Bd5 38. Kh2 Ne5 39. Kg3 Nc6 40. Nxc6 Rxc6
41. Rxc6+ Bxc6 42. Bc2 g5 43. Bd1 a5 44. b4 axb4 45. axb4 Ke5 46. Be2 Bd7 47.
Bf1 Bc6 48. Be2 Bd7 49. Bf1 Bc6 1/2-1/2

[Event "Challenge"]
[Site "http://www.queenalice.com/game.php?id=1860912"]
[Date "2025.8.1"]
[Round "-"]
[White "LAIRE"]
[Black "FLeicher"]
[Result "1-0"]
[WhiteElo "2202"]
[BlackElo "2178"]

1. d4 d5 2. c4 e6 3. Nc3 Nf6 4. Bg5 Nbd7 5. e3 c6 6. Nf3 h6 7. Bh4 Be7 8. Rc1
O-O 9. Bd3 Re8 10. O-O dxc4 11. Bxc4 Nd5 12. Bg3 Nxc3 13. Rxc3 Nf6 14. Ne5 Nd5
15. Rb3 a5 16. Qf3 Rf8 17. Rc1 a4 18. Rd3 Bd6 19. a3 Bc7 20. Qe2 Bxe5 21. Bxe5
Qe7 22. Ba2 Nf6 23. Bb1 Nd7 24. Qc2 Nxe5 25. dxe5 g6 26. Rcd1 Ra5 27. f4 Qc7 28.
h4 h5 29. Rd4 b5 30. g4 hxg4 31. h5 f5 32. exf6 Qf7 33. Qxg6+ Qxg6 34. hxg6 Rxf6
35. Rd8+ Rf8 36. Rxf8+ 1-0

[Event "Challenge"]
[Site "http://www.queenalice.com/game.php?id=1862183"]
[Date "2025.8.28"]
[Round "-"]
[White "tucuman10"]
[Black "FLeicher"]
[Result "1-0"]
[WhiteElo "2175"]
[BlackElo "2167"]

1. d4 d5 2. c4 Nf6 3. e3 b6 4. Nc3 e6 5. Nf3 a6 6. h3 Bb7 7. Bd3 Nbd7 8. b3 Be7
9. Bb2 O-O 10. O-O Rc8 11. a4 Ne4 12. Qb1 Ndf6 13. Rd1 c5 14. Bxe4 dxe4 15. dxc5
Qc7 16. cxb6 Qxb6 17. Nd4 Bc5 18. a5 Qc7 19. Na4 Ba7 20. Nb6 Rcd8 21. Qc2 Nh5
22. c5 e5 23. Nf5 Bc6 24. Qe2 Nf6 25. Rd6 Bb5 26. Qd1 Bd3 27. Rxf6 Kh8 28. Qg4
Rg8 29. Qh4 g5 30. Qxh7+ 1-0

[Event "Challenge"]
[Site "http://www.queenalice.com/game.php?id=1864768"]
[Date "2025.10.27"]
[Round "-"]
[White "FLeicher"]
[Black "Olavio"]
[Result "1-0"]
[WhiteElo "2166"]
[BlackElo "2076"]

1. e4 g6 2. Nf3 Bg7 3. d4 d6 4. Nc3 Nf6 5. Bd3 O-O 6. Bf4 b6 7. Qe2 Bb7 8. Bc4
Nbd7 9. O-O-O c5 10. dxc5 bxc5 11. Nh4 Rb8 12. Bb3 Bc6 13. f3 h6 14. Nxg6 Rxb3
15. Nxe7+ Qxe7 16. Bxd6 Qe6 17. Bxf8 Rxc3 18. Bxg7 Kxg7 19. bxc3 Qxa2 20. Kd2
Ne5 21. Ke1 a6 22. Kf2 Bb5 23. Qd2 Neg4+ 24. Kg3 Qe6 25. Qd6 Ne3 26. Qxe6 fxe6
27. Rc1 Kg6 28. Kf2 Nc4 29. g4 Nh7 30. h4 Ne5 31. Kg3 Be2 32. Kf4 Nc6 33. Rh2
e5+ 34. Ke3 Bb5 35. Ra1 Nf8 36. Rd2 Kf7 37. Rd6 Ne6 38. c4 Nb4 39. cxb5 axb5 40.
Ra7+ Kf6 41. Kd2 1-0

[Event "Challenge"]
[Site "http://www.queenalice.com/game.php?id=1867256"]
[Date "2025.12.19"]
[Round "-"]
[White "attachui"]
[Black "FLeicher"]
[Result "0-1"]
[WhiteElo "2172"]
[BlackElo "2196"]

1. d4 d5 2. c4 dxc4 3. e4 e5 4. d5 Nf6 5. Nc3 b5 6. Bg5 a6 7. Nf3 Nbd7 8. a3 Bd6
9. Be2 Nc5 10. O-O O-O 11. Ne1 Nb3 12. Rb1 h6 13. Bh4 Qe7 14. Nc2 Bd7 15. Na1
Nd4 16. b3 cxb3 17. Nxb3 Nxe2+ 18. Qxe2 Bxa3 19. f4 Bd6 20. f5 b4 21. Nd1 Bb5
22. Qf3 Bxf1 23. Qxf1 a5 24. Nd2 a4 25. Qc4 Rfb8 26. Nb2 Bc5+ 27. Kh1 Bd4 28.
Qa2 b3 29. Qa1 a3 0-1

[Event "Challenge"]
[Site "http://www.queenalice.com/game.php?id=1868358"]
[Date "2026.1.22"]
[Round "-"]
[White "FLeicher"]
[Black "LAIRE"]
[Result "1/2-1/2"]
[WhiteElo "2207"]
[BlackElo "2192"]

1. e4 e6 2. d4 d5 3. Nc3 Nf6 4. e5 Nfd7 5. a3 c5 6. Be3 cxd4 7. Bxd4 Nc6 8. Bb5
a6 9. Bxc6 bxc6 10. f4 c5 11. Bf2 Rb8 12. b3 Qa5 13. Qd2 Bb7 14. Na4 Qxd2+ 15.
Kxd2 Bc6 16. Nb2 c4 17. Nf3 cxb3 18. cxb3 Rxb3 19. Kc2 Rb8 20. Nd4 Ba8 21. Nd3
Be7 22. Rhc1 O-O 23. Kd2 Rfc8 24. g3 Nb6 25. Rxc8+ Rxc8 26. Nb2 Bc5 27. Kd3 Bb7
28. Be1 Bxd4 29. Kxd4 Nc4 30. Nd3 a5 31. Nc5 Bc6 32. a4 Rb8 33. Bc3 Kf8 34. h4
Ke7 35. g4 h6 36. f5 Bd7 37. Rf1 Bc6 38. Rh1 h5 39. fxe6 fxe6 40. gxh5 Rh8 41.
Rg1 Rxh5 42. Rxg7+ Ke8 43. Nxe6 Nxe5 44. Ng5 Nd7 45. Rh7 Rxh7 46. Nxh7 Kf7 47.
Bxa5 Kg6 48. Ng5 Nf6 49. Bd8 Bxa4 50. Bxf6 1/2-1/2

[Event "Challenge"]
[Site "http://www.queenalice.com/game.php?id=1870333"]
[Date "2026.3.11"]
[Round "-"]
[White "mario48"]
[Black "FLeicher"]
[Result "1-0"]
[WhiteElo "2224"]
[BlackElo "2220"]

1. e4 e5 2. Bc4 Nc6 3. Nf3 Bc5 4. O-O d6 5. c3 Bg4 6. b4 Bb6 7. a4 a6 8. d3 Nf6
9. h3 Bh5 10. a5 Ba7 11. Bg5 h6 12. Be3 Ne7 13. Qa4+ Qd7 14. Qxd7+ Nxd7 15. Nbd2
c6 16. Bxa7 Rxa7 17. g4 Bg6 18. Bb3 b5 19. Nh4 O-O 20. f4 Bh7 21. fxe5 Nxe5 22.
d4 N5g6 23. Nf5 Nxf5 24. gxf5 Nh4 25. Rf4 g5 26. fxg6 Nxg6 27. Rf6 Rd7 28. Raf1
Kg7 29. c4 Ne7 30. cxb5 Bg6 31. b6 Ng8 32. R6f4 d5 33. e5 Re7 34. Ba4 Re6 35.
R1f2 Ne7 36. Nb3 Bd3 37. Rg2+ Rg6 38. Nc5 Rxg2+ 39. Kxg2 1-0

[Event "I always castle"]
[Site "http://www.queenalice.com/game.php?id=1870736"]
[Date "2026.3.19"]
[Round "-"]
[White "Fauquinelle"]
[Black "FLeicher"]
[Result "0-1"]
[WhiteElo "2046"]
[BlackElo "2207"]

1. d4 d5 2. c4 e6 3. Nf3 Nf6 4. e3 b6 5. a3 Bb7 6. Nc3 Be7 7. Bd3 dxc4 8. Bxc4
O-O 9. O-O c5 10. Re1 a6 11. dxc5 b5 12. Be2 Bxc5 13. b4 Bb6 14. Bb2 Nc6 15. Qc2
Qc7 16. Bd3 Ne7 17. e4 Ng6 18. a4 Ng4 19. Nd1 bxa4 20. Rxa4 Bc6 21. Rxa6 Rxa6
22. Bxa6 Qd7 23. h3 Ba4 24. Qc3 Nf6 25. Ne3 Bxe3 26. Rxe3 Bb5 27. Bxb5 Qxb5 28.
g3 Rd8 29. Nd2 Ne7 30. Nc4 Nc6 31. Rd3 Rxd3 32. Qxd3 Qxb4 33. Bxf6 gxf6 34. Ne3
Ne5 35. Qc2 Nf3+ 36. Kf1 Qb5+ 37. Qe2 Nh2+ 38. Ke1 Qb4+ 39. Kd1 Qb1+ 40. Kd2
Qxe4 41. Qd3 Nf3+ 42. Kc3 Qe5+ 43. Kc4 h5 44. Ng2 Qc7+ 45. Kb3 Qb6+ 0-1

[Event "Challenge"]
[Site "http://www.queenalice.com/game.php?id=1871741"]
[Date "2026.4.9"]
[Round "-"]
[White "Fauquinelle"]
[Black "FLeicher"]
[Result "0-1"]
[WhiteElo "2020"]
[BlackElo "2214"]

1. e4 c5 2. Nf3 a6 3. c4 d6 4. Nc3 Nc6 5. d4 cxd4 6. Nxd4 h6 7. Be2 Nf6 8. O-O
Bd7 9. a3 e5 10. Nf3 Rc8 11. Be3 Be7 12. Qd2 Na5 13. Nd5 Nb3 14. Nxf6+ gxf6 15.
Qb4 Nxa1 16. Rxa1 Bc6 17. Nd2 d5 18. c5 d4 19. Bxh6 Rxh6 20. Rd1 Qc7 21. Nb3
Bxe4 22. Qd2 Rg6 23. g3 Bd5 0-1

[Event "Challenge"]
[Site "http://www.queenalice.com/game.php?id=1872681"]
[Date "2026.4.30"]
[Round "-"]
[White "FLeicher"]
[Black "xadreco5"]
[Result "0-1"]
[WhiteElo "2208"]
[BlackElo "2432"]

1. e4 e5 2. Bc4 Nf6 3. d4 exd4 4. Nf3 Bb4+ 5. Ke2 O-O 6. Qxd4 Nc6 7. Qd3 Nxe4 8.
Be3 Re8 9. Kf1 h6 10. c3 Bf8 11. Nbd2 Nf6 12. Qg6 d5 0-1